Click The Difference - The Simpsons - Statistics

General Stats
  • This quiz has been taken 6,992 times
  • The average score is 11 of 18
Answers on the Grid
Answers color-coded by a green-red scale on the quiz's grid according to % correct below.
 
 
 
 
 
Willie's shadow
 
 
 
 
 
 
Cloud in painting
 
 
 
 
 
 
 
 
 
 
 
 
 
 
 
 
 
 
 
 
 
 
Wiggum's hat badge
 
 
 
 
Marge's eye
 
 
 
 
 
 
 
 
 
 
 
 
Marge’s extra finger
 
 
 
 
Wiggum's tongue
 
 
 
 
 
 
 
 
 
Maggie's pacifier
 
 
 
 
Bart's extra teeth
 
 
 
 
 
 
 
 
 
 
 
 
 
 
 
 
 
 
 
 
 
 
Barney's eyebag
 
 
 
 
 
Homer's tie
 
 
Apu's moustache twirl
 
Ned's moustache bristle
 
 
 
 
 
 
 
 
 
 
 
 
 
 
 
 
 
 
 
 
 
Remote control button
 
 
 
 
 
 
 
 
 
 
 
 
 
 
 
Lisa’s pointy ear
 
 
 
Nelson's nostrils
 
 
 
 
 
 
 
Lisa's extra necklace bead
 
 
 
 
 
 
 
 
 
 
 
 
 
 
 
 
 
 
 
 
 
 
 
 
 
 
 
 
 
 
 
 
 
TV cable attachment
 
 
 
 
 
 
Nelson’s shoe strap
 
 
Answer Stats
Answer % Correct
Apu's moustache twirl
89%
Remote control button
88%
Nelson’s shoe strap
82%
TV cable attachment
81%
Wiggum's hat badge
78%
Homer's tie
76%
Willie's shadow
76%
Bart's extra teeth
69%
Marge’s extra finger
68%
Maggie's pacifier
61%
Wiggum's tongue
59%
Barney's eyebag
50%
Lisa’s pointy ear
45%
Ned's moustache bristle
42%
Cloud in painting
40%
Nelson's nostrils
39%
Lisa's extra necklace bead
37%
Marge's eye
26%
No matching quizzes found
Score Distribution
Percent of People with Each Score
Percentile by Number Answered
Your Score History
You have not taken this quiz